Información básica regional: producción agropecuaria, 1973 /

Documento de la Oficina de Planificación Nacional y Política Económica, que recoge los datos estadísticos referentes a la producción agropecuaria de Costa Rica en el año 1973.SFA/mb

Gespeichert in:
Bibliographische Detailangaben
1. Verfasser: Bermúdez Méndez, Alicia
Weitere Verfasser: Vílchez S., José Guillermo
Format: Text
Veröffentlicht: San José: OFIPLAN
Schlagworte:
Tags: Tag hinzufügen
Keine Tags, Fügen Sie den ersten Tag hinzu!

MARC

LEADER 00000 a a2200000 04500
001 13403
003
040
090 |a 027800  
100 |a Bermúdez Méndez, Alicia  
245 |a Información básica regional: producción agropecuaria, 1973 /  |c Alicia Bermúdez Méndez 
260 |a San José:   |b OFIPLAN  
300 |a 63 p  
300 |b **no definido**  
520 |a Documento de la Oficina de Planificación Nacional y Política Económica, que recoge los datos estadísticos referentes a la producción agropecuaria de Costa Rica en el año 1973.SFA/mb  
650 |a PRODUCCION AGROPECUARIA  
650 |a GRANJAS  
650 |a ESTADISTICAS AGRICOLAS  
650 |a ESTADISTICAS DE PRODUCCION  
650 |a PRODUCTOS LACTEOS  
650 |a GANADO  
650 |a AVES DE CORRAL  
650 |a PRODUCTOS AGROPECUARIOS  
650 |a USO DE LA TIERRA  
650 |a MAQUINARIA AGRICOLA  
700 |a Vílchez S., José Guillermo  
999 |c 12776  |d 12776